Reglas consuetas o instituciones consuetudinales de la Iglesia Metropolitana (Record no. 20743)

MARC details
000 -LEADER
campo de control de longitud fija 00355nam a2200121Ia 4500
005 - FECHA Y HORA DE LA ÚLTIMA TRANSACCIÓN
campo de control 20251222144828.0
008 - DATOS DE LONGITUD FIJA--INFORMACIÓN GENERAL
campo de control de longitud fija 251222s9999||||xx |||||||||||||| ||spa||
082 ## - NÚMERO DE LA CLASIFICACIÓN DECIMAL DEWEY
Número de clasificación 278.04/M84
100 ## - ENTRADA PRINCIPAL--NOMBRE DE PERSONA
Nombre de persona Mogrovejo, Toribio Alfonso de
245 #0 - MENCIÓN DEL TÍTULO
Título Reglas consuetas o instituciones consuetudinales de la Iglesia Metropolitana
264 ## - PRODUCCIÓN, PUBLICACIÓN, DISTRIBUCIÓN, FABRICACIÓN Y COPYRIGHT
Nombre del de productor, editor, distribuidor, fabricante José de Huerta
942 ## - ELEMENTOS DE ENTRADA SECUNDARIOS (KOHA)
Tipo de ítem Koha Libros
Holdings
Estatus retirado Estado de pérdida Estado de daño No para préstamo Biblioteca de origen Biblioteca actual Ubicación en estantería Fecha de adquisición Total de préstamos Signatura topográfica completa Código de barras Visto por última vez Precio de reemplazo Tipo de ítem Koha
        Biblioteca Central Biblioteca Central Programa 22/12/2025   278.04/M84 0034557 22/12/2025 22/12/2025 Libros